[Event "GER-chT U14 Girls"]
[Site "Magdeburg"]
[Date "2014.06.29"]
[Round "7.4"]
[White "Rau, Jennifer"]
[Black "Hagenbeck Huebert, Lara"]
[Result "0-1"]
[WhiteElo "1098"]
[BlackElo "1294"]
[PlyCount "158"]
[EventDate "2013.12.27"]
[EventType "team-swiss"]
[EventRounds "4"]
[EventCountry "GER"]
[SourceTitle "EXT 2022"]
[Source "ChessBase"]
[SourceDate "2021.10.06"]
[SourceVersion "1"]
[SourceVersionDate "2021.10.06"]
[SourceQuality "1"]
[WhiteTeam "Lahnstein Turm"]
[BlackTeam "Grimma"]
[WhiteTeamCountry "GER"]
[BlackTeamCountry "GER"]

1. e4 e5 2. Nf3 Nc6 3. Bc4 Bc5 4. d3 d6 5. Nc3 Nf6 6. Bg5 h6 7. Be3 Bb6 8. h3 Be6 9. Bb3 Qe7 10. Qd2 Ba5 11. Ba4 Bd7 12. Bxc6 bxc6 13. Qe2 Rb8 14. Bc1 0-0 15. 0-0 Kh8 16. Nh2 g5 17. g4 Rg8 18. f3 Bb6+ 19. Kh1 Nh7 20. Rb1 Nf8 21. Nd1 Ng6 22. Qe1 Nf4 23. Bxf4 gxf4 24. Kg2 h5 25. Rh1 Rg7 26. Kf1 hxg4 27. Nxg4 Bxg4 28. hxg4+ Kg8 29. Qh4 Qxh4 30. Rxh4 Rh7 31. Rxh7 Kxh7 32. Kg2 Kg6 33. Nc3 Bd4 34. Nd1 a5 35. a4 d5 36. c3 Bc5 37. Kf1 Be7 38. Rc1 Rh8 39. Kg2 Kf6 40. Nf2 Ke6 41. c4 dxe4 42. fxe4 Rb8 43. Rb1 Rb3 44. Kf3 Bc5 45. Nd1 Rxd3+ 46. Ke2 Rg3 47. Nf2 Bxf2 48. Kxf2 Rxg4 49. c5 Rg3 50. Ra1 Re3 51. b4 axb4 52. a5 Ra3 53. Rb1 Rxa5 54. Rxb4 Rxc5 55. Rb7 Kd7 56. Rb1 Rc4 57. Rd1+ Rd4 58. Re1 c5 59. Kf3 Rd3+ 60. Kf2 c4 61. Ke2 Re3+ 62. Kd2 Rxe1 63. Kxe1 Kd6 64. Kd2 Kc5 65. Ke2 Kd4 66. Kd2 c3+ 67. Kd1 Kd3 68. Ke1 c2 69. Kf2 c1Q 70. Kf3 Qe3+ 71. Kg4 Qg3+ 72. Kf5 Kd4 73. Kf6 Qg6+ 74. Ke7 f3 75. Kd7 f2 76. Kxc7 f1Q 77. Kd7 Qb5+ 78. Kc7 Qgb6+ 79. Kc8 Q5c6# 0-1

[Event "GER-chT U14 Girls"]
[Site "Magdeburg"]
[Date "2013.12.28"]
[Round "3.4"]
[White "Oswald, Lena"]
[Black "Rau, Jennifer"]
[Result "1-0"]
[WhiteElo "1045"]
[BlackElo "1098"]
[PlyCount "61"]
[EventDate "2013.12.27"]
[EventType "team-swiss"]
[EventRounds "4"]
[EventCountry "GER"]
[SourceTitle "EXT 2015"]
[Source "ChessBase"]
[SourceDate "2014.11.20"]
[SourceVersion "1"]
[SourceVersionDate "2014.11.20"]
[SourceQuality "1"]
[WhiteTeam "Leipzig SG"]
[BlackTeam "Lahnstein Turm"]
[WhiteTeamCountry "GER"]
[BlackTeamCountry "GER"]

1. e4 d6 2. d4 Nf6 3. Nc3 g6 4. Bc4 Bg7 5. Nf3 c6 6. Be3 0-0 7. Qd2 Re8 8. Bh6 Bh8 9. 0-0 Nxe4 10. Bxf7+ Kxf7 11. Nxe4 Bf5 12. Rfe1 Na6 13. Re3 Nc7 14. Rae1 Nd5 15. Nfg5+ Kg8 16. Rf3 Nf6 17. h3 Bg7 18. Bxg7 Kxg7 19. Rxf5 Qd7 20. Rf3 Nxe4 21. Rf7+ Kg8 22. Rxe4 h6 23. Rh4 Rf8 24. Rxf8+ Rxf8 25. Rxh6 Qf5 26. c4 e6 27. Qe3 e5 28. dxe5 dxe5 29. Nf3 e4 30. Ng5 Re8 31. Rh4 1-0

[Event "GER-chT U14 Girls"]
[Site "Magdeburg"]
[Date "2013.12.28"]
[Round "4.4"]
[White "Rau, Jennifer"]
[Black "Friedrich, Laura"]
[Result "1/2-1/2"]
[WhiteElo "1098"]
[BlackElo "932"]
[PlyCount "68"]
[EventDate "2013.12.27"]
[EventType "team-swiss"]
[EventRounds "4"]
[EventCountry "GER"]
[SourceTitle "EXT 2015"]
[Source "ChessBase"]
[SourceDate "2014.11.20"]
[SourceVersion "1"]
[SourceVersionDate "2014.11.20"]
[SourceQuality "1"]
[WhiteTeam "Lahnstein Turm"]
[BlackTeam "Leegebruch"]
[WhiteTeamCountry "GER"]
[BlackTeamCountry "GER"]

1. e4 e5 2. Nf3 Nc6 3. Bc4 Nf6 4. d3 Bc5 5. c3 d5 6. exd5 Nxd5 7. g3 Bg4 8. Nbd2 0-0 9. b4 Bb6 10. Qb3 Bxf3 11. Nxf3 Nf6 12. Ng5 Qe7 13. 0-0 Ng4 14. h3 Nf6 15. a4 a6 16. b5 Na5 17. Qa2 Nxc4 18. Qxc4 h6 19. Ne4 axb5 20. Nxf6+ Qxf6 21. Qxb5 Rad8 22. Be3 Bxe3 23. fxe3 Qg6 24. Qxe5 Rxd3 25. Rf3 Rd2 26. Raf1 Qc2 27. R1f2 Qc1+ 28. Kg2 Rfd8 29. Rxf7 Rxf2+ 30. Rxf2 Rd2 31. Qe8+ Kh7 32. Qe4+ Kg8 33. Qe8+ Kh7 34. Qe4+ Kg8 1/2-1/2

[Event "GER-chT U14 Girls"]
[Site "Magdeburg"]
[Date "2013.12.27"]
[Round "1.4"]
[White "Ketterer, Beatrice"]
[Black "Rau, Jennifer"]
[Result "0-1"]
[WhiteElo "752"]
[BlackElo "1098"]
[PlyCount "110"]
[EventDate "2013.12.27"]
[EventType "team-swiss"]
[EventRounds "4"]
[EventCountry "GER"]
[SourceTitle "EXT 2015"]
[Source "ChessBase"]
[SourceDate "2014.11.20"]
[SourceVersion "1"]
[SourceVersionDate "2014.11.20"]
[SourceQuality "1"]
[WhiteTeam "Karlsruhe"]
[BlackTeam "Lahnstein Turm"]
[WhiteTeamCountry "GER"]
[BlackTeamCountry "GER"]

1. e4 e5 2. Nf3 d6 3. Bc4 c6 4. Nc3 Be7 5. d4 Nd7 6. d5 c5 7. Na4 a6 8. Bd3 b5 9. Nc3 c4 10. Be2 Ngf6 11. a4 b4 12. Na2 a5 13. Bxc4 Nxe4 14. Bb5 Qb6 15. Be3 Qb7 16. Qd3 Nef6 17. Bc6 Qb8 18. Bxa8 Qxa8 19. Bg5 e4 20. Qd1 exf3 21. Qxf3 Qxd5 22. Qxd5 Nxd5 23. Bxe7 Nxe7 24. Rd1 d5 25. 0-0 Nb6 26. b3 Bg4 27. Rd4 Be6 28. c3 Nc6 29. Rd3 0-0 30. Rc1 Rd8 31. cxb4 Nxb4 32. Nxb4 axb4 33. Rd4 Nc8 34. Rxb4 d4 35. a5 d3 36. a6 d2 37. Rd1 Rd6 38. a7 Nxa7 39. Rb8+ Nc8 40. b4 Rc6 41. h3 Rc1 42. Rxc1 dxc1Q+ 43. Kh2 Qc7+ 44. Kg1 Qxb8 45. Kh1 Qxb4 46. Kg1 Bd5 47. Kf1 Qe4 48. f3 Qe3 49. g4 Qxf3+ 50. Ke1 Nd6 51. h4 Nc4 52. g5 Qg2 53. g6 fxg6 54. h5 Bf3 55. h6 Qe2# 0-1

[Event "GER-chT U14 Girls"]
[Site "Arendsee"]
[Date "2011.12.29"]
[Round "5.3"]
[White "Kusanowa, Maria"]
[Black "Rau, Jennifer"]
[Result "0-1"]
[WhiteElo "890"]
[BlackElo "1215"]
[PlyCount "120"]
[EventDate "2011.12.27"]
[EventType "team-swiss"]
[EventRounds "7"]
[EventCountry "GER"]
[SourceTitle "EXT 2022"]
[Source "ChessBase"]
[SourceDate "2021.10.06"]
[SourceVersion "1"]
[SourceVersionDate "2021.10.06"]
[SourceQuality "1"]
[WhiteTeam "Luebeck SV U14 Girls"]
[BlackTeam "Lahnstein Turm U14 Girls"]
[WhiteTeamCountry "GER"]
[BlackTeamCountry "GER"]

1. e4 d6 2. d4 Nf6 3. Nc3 g6 4. Bc4 Bg7 5. Nf3 0-0 6. Bb5 c6 7. Bd3 Nbd7 8. 0-0 Re8 9. Re1 e5 10. Be3 Qc7 11. Qd2 Nf8 12. Bc4 Be6 13. Bxe6 Nxe6 14. d5 a5 15. dxe6 Rxe6 16. Ng5 Ree8 17. f4 Rad8 18. Rad1 b5 19. fxe5 dxe5 20. Qc1 Ra8 21. Nh3 a4 22. Bh6 Bh8 23. Bg5 Ng4 24. Rf1 Qb6+ 25. Nf2 f6 26. h3 Nxf2 27. Rxf2 fxg5 28. Kf1 Rf8 29. Rdd2 b4 30. Nb1 Rxf2+ 31. Rxf2 Rf8 32. Rxf8+ Kxf8 33. Qxg5 Qd4 34. g3 Qd1+ 35. Kf2 Qxc2+ 36. Nd2 Qc5+ 37. Kf1 Qe7 38. Qh6+ Kg8 39. Qe3 c5 40. b3 a3 41. Qd3 Bg7 42. Qc4+ Qf7+ 43. Qxf7+ Kxf7 44. Nc4 Ke7 45. Ke2 h5 46. Kd3 g5 47. Nb6 Bf8 48. Nd5+ Ke6 49. Kc4 Bd6 50. Nb6 Ke7 51. Nc8+ Ke6 52. Nxd6 Kxd6 53. g4 hxg4 54. hxg4 Kc6 55. Kd3 Kb5 56. Kc2 c4 57. bxc4+ Kxc4 58. Kd2 b3 59. axb3+ Kxb3 60. Kc1 a2 0-1

[Event "GER-ch U10"]
[Site "Oberhof"]
[Date "2011.06.17"]
[Round "10"]
[White "Hoffmann, Lennard"]
[Black "Rau, Jennifer"]
[Result "1-0"]
[WhiteElo "1044"]
[BlackElo "1092"]
[PlyCount "125"]
[EventDate "2011.06.11"]
[EventType "swiss"]
[EventRounds "11"]
[EventCountry "GER"]
[SourceTitle "CBM 142 Extra"]
[Source "ChessBase"]
[SourceDate "2011.06.27"]
[SourceVersion "1"]
[SourceVersionDate "2011.06.27"]
[SourceQuality "1"]

1. c4 e5 2. Nc3 Nf6 3. Nf3 Nc6 4. g3 Bb4 5. Bg2 Bxc3 6. bxc3 h6 7. d4 exd4 8. cxd4 0-0 9. 0-0 d6 10. Bb2 Bf5 11. d5 Ne7 12. Bxf6 gxf6 13. Qd4 Ng6 14. Rfe1 Re8 15. Rac1 c5 16. Qb2 b6 17. e3 Ne5 18. Nxe5 fxe5 19. e4 Bg6 20. Qd2 Kh7 21. f4 f6 22. fxe5 Rxe5 23. Qf4 Qe7 24. Re2 Rf8 25. Rce1 Kg7 26. Bf3 Kh7 27. Kf2 Kg7 28. Bg4 Kh7 29. Bf5 Bxf5 30. exf5 Qe8 31. Qg4 Rg8 32. Rxe5 fxe5 33. Qh3 Qf7 34. Rg1 Rg5 35. g4 h5 36. Ke3 Kh6 37. Ke4 Kh7 38. Qf3 Qg7 39. h3 Qf7 40. h4 Rg7 41. g5 Kg8 42. g6 Qf6 43. Qxh5 Qe7 44. Rf1 Qf6 45. Qg4 b5 46. cxb5 Rb7 47. a4 a6 48. Qh5 axb5 49. axb5 Ra7 50. Kf3 Ra3+ 51. Kg2 Ra2+ 52. Rf2 Ra7 53. b6 Rb7 54. Rb2 e4 55. Ra2 Qf8 56. f6 Qxf6 57. Ra8+ Qf8 58. Rxf8+ Kxf8 59. Qh8+ Ke7 60. g7 Rxb6 61. g8Q Rb2+ 62. Qxb2 Kd7 63. Qb7# 1-0

[Event "GER-ch U10"]
[Site "Oberhof"]
[Date "2011.06.14"]
[Round "6"]
[White "Flach, Helene"]
[Black "Rau, Jennifer"]
[Result "1-0"]
[WhiteElo "849"]
[BlackElo "1092"]
[PlyCount "139"]
[EventDate "2011.06.11"]
[EventType "swiss"]
[EventRounds "11"]
[EventCountry "GER"]
[SourceTitle "CBM 142 Extra"]
[Source "ChessBase"]
[SourceDate "2011.06.27"]
[SourceVersion "1"]
[SourceVersionDate "2011.06.27"]
[SourceQuality "1"]

1. e4 e5 2. Nf3 Nc6 3. Bc4 Bc5 4. c3 Qe7 5. d4 Bb6 6. 0-0 Nf6 7. Re1 d6 8. h3 h6 9. Bb5 Bd7 10. d5 Nb8 11. Bc4 0-0 12. Bd3 a5 13. Nh2 Bc5 14. Qf3 Kh8 15. Qg3 Nh5 16. Qf3 Qf6 17. Qxf6 Nxf6 18. a3 b5 19. Bd2 Nh5 20. b4 axb4 21. cxb4 Bd4 22. Ra2 c5 23. Rc2 Rc8 24. Nf3 Nf4 25. Bf1 g5 26. Nxd4 cxd4 27. Rxc8+ Bxc8 28. Bxb5 f5 29. Rc1 Bd7 30. Bxd7 Ne2+ 31. Kf1 Nxc1 32. exf5 Nxd7 33. Bxc1 Rc8 34. Bd2 Nf6 35. a4 Ne4 36. Be1 Ra8 37. a5 d3 38. b5 Nc5 39. f6 Kg8 40. Na3 Kf7 41. Nc4 Kxf6 42. Nxd6 Ke7 43. Nc4 e4 44. d6+ Kd7 45. Nb6+ Kxd6 46. Nxa8 Nd7 47. a6 h5 48. a7 g4 49. Nc7 Nb6 50. a8Q Nxa8 51. Nxa8 Kd7 52. hxg4 hxg4 53. g3 Kc8 54. Nb6+ Kc7 55. Nd5+ Kd6 56. b6 Kc6 57. Ba5 Kb7 58. Bc3 Kc6 59. Be5 Kb7 60. Ke1 Kc6 61. Kd2 Kxd5 62. b7 e3+ 63. fxe3 Ke4 64. b8Q Kf3 65. Qf8+ Kg2 66. Ke1 Kh3 67. Qf1+ Kh2 68. Qxd3 Kh3 69. Kf1 Kh2 70. Qh7# 1-0

[Event "GER-ch U10"]
[Site "Oberhof"]
[Date "2011.06.13"]
[Round "3"]
[White "Rau, Jennifer"]
[Black "Petersen, Marcel"]
[Result "1-0"]
[WhiteElo "1092"]
[BlackElo "1330"]
[PlyCount "57"]
[EventDate "2011.06.11"]
[EventType "swiss"]
[EventRounds "11"]
[EventCountry "GER"]
[SourceTitle "CBM 142 Extra"]
[Source "ChessBase"]
[SourceDate "2011.06.27"]
[SourceVersion "1"]
[SourceVersionDate "2011.06.27"]
[SourceQuality "1"]

1. e4 c5 2. d4 cxd4 3. c3 d3 4. Bxd3 d6 5. Nf3 Nc6 6. Bc4 Nf6 7. e5 Nxe5 8. Nxe5 dxe5 9. Bxf7+ Kxf7 10. Qxd8 e6 11. Qc7+ Nd7 12. 0-0 Bc5 13. Be3 Be7 14. Nd2 Rd8 15. Nc4 Kf6 16. f4 e4 17. Nd2 Kf5 18. Qa5+ Kg6 19. f5+ Kf7 20. fxe6+ Kxe6 21. Qf5+ Kd6 22. Nxe4+ Kc7 23. Bf4+ Kb6 24. Qe6+ Kb5 25. a4+ Ka5 26. Qd5+ Nc5 27. Bc7+ Ka6 28. Bxd8 Nxe4 29. Qb5# 1-0

[Event "GER-ch U10"]
[Site "Oberhof"]
[Date "2011.06.12"]
[Round "2"]
[White "Pantsernaya, Sofya"]
[Black "Rau, Jennifer"]
[Result "0-1"]
[WhiteElo "769"]
[BlackElo "1092"]
[PlyCount "76"]
[EventDate "2011.06.11"]
[EventType "swiss"]
[EventRounds "11"]
[EventCountry "GER"]
[SourceTitle "CBM 142 Extra"]
[Source "ChessBase"]
[SourceDate "2011.06.27"]
[SourceVersion "1"]
[SourceVersionDate "2011.06.27"]
[SourceQuality "1"]

1. e4 e5 2. Nf3 Nc6 3. Bc4 Bc5 4. c3 Be7 5. d4 exd4 6. cxd4 d6 7. Bd2 Bg4 8. d5 Nd4 9. h3 Nxf3+ 10. gxf3 Bh5 11. Bc3 Bf6 12. Nd2 Bxc3 13. bxc3 Qf6 14. Rb1 Rb8 15. Ba6 Ne7 16. Bxb7 0-0 17. Nc4 Bxf3 18. Qa4 Bxh1 19. Qxa7 Qxc3+ 20. Nd2 Bxe4 21. Rc1 Qxc1+ 22. Ke2 Bg6 23. Qe3 Qb2 24. Qg3 Qe5+ 25. Qxe5 dxe5 26. Ba6 Rb2 27. a4 Nxd5 28. Bb5 Nc3+ 29. Ke1 Nxb5 30. axb5 Rxb5 31. Nc4 Bf5 32. Na3 Rb4 33. Nc2 Bxc2 34. Kf1 Be4 35. Kg1 Rd8 36. Kh2 Rd3 37. Kg1 Rb1+ 38. Kh2 Rh1# 0-1